000 00440cam a2200181ua 4500
020 _c2.50
041 _amal
_h
082 _a894.812 09
_bARJ/AA
100 _aArjunan, Vellayani .
245 _aAaswaadana vedi /
_cVellayani Arjunan.
_hTextual Documents
250 _a1 /
_b.
260 _aKottayam :
_bNational Book Stall ,
_c1960.
300 _a170 ; .
365 _a2.50
504 _a
942 _cBK
999 _c6663
_d6663